000 01033cam a2200241 a 4500
001 000019617
005 20200929170058.0
008 930907s1964 sp 001 e spa d
040 _aDO-SdBNP
_bspa
_cBNPHU
082 _a864.6
_bM542de, 1964
100 1 _aMenéndez Pidal, Ramón,
_d1869-1968
_93902
245 1 0 _aDe Cervantes y Lope de Vega /
_cRamón Menéndez Pidal.
250 _a6a ed.
260 _aMadrid :
_bEspasa-Calpe,
_c1964.
300 _a173 p. ;
_c19 cm.
490 1 _aAustral. Verde: ensayos y filosofía
_v120
505 0 _aUn aspecto en la elaboración del "Quijote". -- Un hogar de Lope de Vega. -- Lope de Vega: el arte nuevo y la nueva biografía. -- Del honor en el teatro español.
600 1 0 _aCERVANTES SAAVEDRA, MIGUEL DE,
_d1547-1616.
_xCRÍTICA E INTERPRETACIÓN
_913728
600 1 0 _aVEGA, LOPE DE,
_d1562-1635
_xCRÍTICA E INTERPRETACIÓN
_913856
650 4 _aEnsayos españoles
_93095
650 4 _aLiteratura española
_ySIGLO XX
_93326
830 0 _aAustral.
_pVerde: ensayos y filosofía;
_v120
_98733
999 _c19133
_d19133